• 首页
  • 本馆介绍
  • 公告通知
  • 最新文献
  • 馆藏检索
  • 电子资源
  • 读者导购
  • 参考咨询
  • 我的图书馆
  • 登录
  • 详细信息显示
  • 放入我的书架
  • 预约/预借图书
  • 作者相关作品
  • 分类相关作品
  • 丛书相关作品
  • 出版社相关作品

书目信息

  • 表格格式
  • 工作单格式
  • 卡片格式
题名:
国内少数民族语言文字的概况
    
 
作者: ;中国语文杂志社 编
分册:  
出版信息: 北京   中华书局  1954
页数: 162页
开本: 20cm
丛书名: 中国语文丛书
单 册:
中图分类: H2
科图分类:
主题词: 少数民族--民族语--中国
电子资源:
ISBN:
000 00696nam0 2200229 450
001 0658807328
005 20060726162225.64
010    @dCNY0.71
100    @a20060726d1954 km y0chiy0120 ea
101 0  @achi
102    @aCN@b110000
102    @aCN@b110000
200 1  @a国内少数民族语言文字的概况@Aguo nei shao shu min zu yu yan wen zi de gai kuang@f中国语文杂志社编@Fzhong guo yu wen za zhi she bian
210    @a北京@c中华书局@d1954
215    @a162页@d20cm
225 2  @a中国语文丛书
410  0 @12001 @a中国语文丛书
606 0  @a少数民族@x民族语@x中国
690    @aH2@v3
711  0 @a中国语文杂志社@Azhong guo yu wen za zhi she@4编
801  0 @aCN@bPFT@c20060726
905    @a10447@dH2@e12
    
    国内少数民族语言文字的概况/中国语文杂志社编.-北京:中华书局,1954
    162页;20cm.-(中国语文丛书)
    
    
    ISBN :CNY0.71
    
●
相关链接 在E读中查询图书 在五车中查询图书 在当当中查询图书 在豆瓣中查询图书


正题名:国内少数民族语言文字的概况     索取号:H2/12         预约/预借

序号 登录号 条形码 馆藏地/架位号 状态 备注
1 0436477   204364776   密集书库/ [索取号:H2/12] 在馆    
唐山师范学院图书馆 欢迎您!
大连网信软件有限公司© 版权所有